[Event "Cornella de Llobregat op"]
[Site "Cornella de Llobregat"]
[Date "2017.04.10"]
[Round "2"]
[White "Varela Cuadrado, Cesar M"]
[Black "Girona Flores, Ladislau"]
[Result "1/2-1/2"]
[WhiteElo "1933"]
[BlackElo "1653"]
[PlyCount "152"]
[EventDate "2017.04.03"]
[EventType "swiss"]
[EventRounds "7"]
[EventCountry "ESP"]
[SourceTitle "EXT 2018"]
[Source "ChessBase"]
[SourceDate "2017.10.13"]
[SourceVersion "1"]
[SourceVersionDate "2017.10.13"]
[SourceQuality "1"]

1. e4 e6 2. d4 d5 3. Nc3 Bb4 4. e5 Ne7 5. a3 Bxc3+ 6. bxc3 b6 7. Qg4 0-0 8. Nf3 Ba6 9. h4 Bxf1 10. Kxf1 Nf5 11. h5 Nd7 12. h6 g6 13. Bg5 f6 14. exf6 Nxf6 15. Qf4 Qd6 16. Ne5 Ne4 17. Qg4 Nfg3+ 18. Kg1 Nxh1 19. f3 Nhf2 20. Qh4 Rf5 21. Be7 Rh5 22. Qxh5 gxh5 23. Bxd6 cxd6 24. Nc6 Nh3+ 25. gxh3 Nxc3 26. Kf2 Kf7 27. a4 a6 28. Ra3 Nb1 29. Ra1 Nd2 30. Ke3 Nc4+ 31. Kd3 Rc8 32. Nb4 a5 33. Na2 Kf6 34. Nc3 Rg8 35. Ne2 Kf5 36. Re1 h4 37. Rf1 Rg2 38. Re1 Nb2+ 39. Kc3 Nc4 40. Kd3 Rg6 41. c3 Rg2 42. f4 Nb2+ 43. Kc2 Nc4 44. Kd3 Nb2+ 45. Kc2 Nc4 46. Kb1 Ke4 47. Ng3+ Kxf4 48. Nh5+ Kf5 49. Ng7+ Kf6 50. Nxe6 Rb2+ 51. Kc1 Ra2 52. Kb1 Rb2+ 53. Ka1 Rc2 54. Nf4 Rh2 55. Nxd5+ Kf5 56. Rf1+ Kg5 57. Rf6 Rxh3 58. Ka2 Ne3 59. Rxd6 Nxd5 60. Rxd5+ Kxh6 61. Rd6+ Kg5 62. Rxb6 Rxc3 63. Rb5+ Kg4 64. Rb7 h5 65. Kb2 Rd3 66. Rg7+ Kf4 67. Rh7 Rxd4 68. Rxh5 Rb4+ 69. Kc3 Kg4 70. Rxa5 Rb1 71. Ra8 h3 72. Rg8+ Kf3 73. Rf8+ Kg2 74. Rg8+ Kf1 75. Rf8+ Kg2 76. Rg8+ Kf2 1/2-1/2